00300nam a2200121Ia 4500008004100000082001800041100001500059245005000074250000800124260003000132300000800162650000800170191201s2009 xx 000 0 und d a658.4012bSIE aSINGH ,S.P 0aEncyclopedia Dictionary of Corporate Strategy a1st aN.DelhibAITBS Pub.c2009 a255 aBBA